| 000 | 00867nam a22003137a 4500 | ||
|---|---|---|---|
| 001 | 0028154 | ||
| 003 | KOHA_MİRAKIL | ||
| 005 | 20260207002620.0 | ||
| 007 | ta | ||
| 008 | 110309b2000 hk |||gr||||#0|||1|eng | | ||
| 020 | _a0194231712 | ||
| 040 |
_aTR-BiSEU _btur _cTR-BiSEU _erda |
||
| 041 | 0 | _aeng | |
| 044 | _chk | ||
| 050 |
_aPE1128.V53 _bI54 2000 |
||
| 100 | 0 | _aVicary,Tim. | |
| 245 | 1 |
_aPolice Tv/ _cVicary,Tim ; Tim Vicary. |
|
| 264 | 1 |
_aHong Kong : _bOxford _c2000 |
|
| 300 | _a30 s. | ||
| 336 |
_ametin _btxt _2rdacontent |
||
| 337 |
_aaracısız _bn _2rdamedia |
||
| 338 |
_acilt _bnc _2rdacarrier |
||
| 650 | 0 |
_aOkuma kitapları. _955776 |
|
| 650 | 0 |
_aİngiliz dili--Çalışma ve öğretim. _931747 |
|
| 650 | 0 |
_aReaders (Primary). _955777 |
|
| 650 | 0 |
_aEnglish language--Study and teaching. _940817 |
|
| 907 | _aDil | ||
| 942 |
_2lcc _cBK |
||
| 999 |
_c28078 _d28078 |
||